1080 1884 1347 1526 1839 1824 1850 1870 1684 1681 1303 1470 1672 1020 1751 1997 1643 1375 1981 1697 1321 1899 1675 1559 1186 1228 1547 1027 1777 1614 1221 1358 1490 1855 1635 1289 1072 1127 1956 1105 1926 1630 1032 1692 1706 1336 1916 1791 1428 1877 1196 1019 1353 1016 1834 1450 1455 1233 1738 1296 1230 1370 1326 1552 1806 1818 1594 1271 1986 1256 1409 1580 1786 1350 1738 1967 1278 1114 1497 1359 1094 1304 1014 1635 1863 1819 1597 1135 1211 1907 1131 1918 1210 1014 1698 1010 1550 1479 1890 BCNSPRNW ULIB Ver.6.0+V

เปลี่ยนเป็นภาษาไทย

Change to English
 แสดงรายละเอียดบรรณานุกรม
  กลับหน้าหลัก

Brief Record : Get Marc (ISO 2709) : E-mail record : QR code < ปิดหน้าต่าง
LEADER : 00000nam 2200000uu 4500
001    13399113477
003     ULIB
008    110627s2550||||th 000 0 tha d
020    9789747503470
090    นว.^bฌ111ค 2550
100 0  ฌามิวอาห์
245 00 คือคนนี้ที่หัวใจบอกรัก/^cฌามิวอาห์
250    พิมพ์ครั้งที่ 2
260    กรุงเทพฯ :^bแจ่มใส,^c2550
300    386 หน้า
710 1  แจ่มใส
945    ^p229^l0^i027185
995    ทศพร
999 ^a ใช้งานได้ทุกระบบ
รายการนี้ยังไม่มีแท็ก
คุณยังไม่ได้ล็อกอิน คุณสามารถมีกิจกรรมร่วมกับเว็บไซต์ได้ แต่ต้องล็อกอินก่อน ::
  ล็อกอิน

รายการสื่อสารสนเทศ

ลำดับที่ ประเภท เลขเรียก/บาร์โค้ด สถานที่ สถานะ
1. นวนิยาย
นวนิยาย
นว. ฌ111ค 2550 ฉ.1 
  Barcode: 027185
ห้องสมุดวิทยาเขตสวรรค์ประชารักษ์
►นวนิยาย
บนชั้น
  ขอยืม

รายการใกล้เคียง
    ผู้แต่ง [ฌามิวอาห์]

BibComment


ยังไม่เคยถูกคอมเมนท์

คอมเมนท์ทรัพยากรรายการนี้
  คอมเมนท์: คือคนนี้ที่หัวใจบ..


 Copyright 2026. Bcnsprnw @Library